|
|
|
|
| LEADER |
00000nam a22000007a 4500 |
| 005 |
20130118122405.0 |
| 007 |
cr|||| |||| |
| 008 |
130118e2005 cr |||||s|||| 00||0 spa d |
| 020 |
|
|
|a 9968-41-084-5
|
| 035 |
|
|
|a 6887
|
| 040 |
|
|
|a vLex
|
| 090 |
|
|
|c 3547
|d 3547
|
| 100 |
1 |
0 |
|a Scala, Jorge
|
| 245 |
1 |
0 |
|a Gňero y derechos humanos
|h [Recurso electrn̤ico]
|
| 256 |
|
|
|a Servicio en ln̕ea
|
| 260 |
|
|
|a San Jos ̌(Costa Rica) :
|b Ediciones Promesa Cultural,
|c 2005
|
| 300 |
|
|
|a 1 Recurso electrn̤ico
|
| 650 |
0 |
4 |
|a Violencia de gňero
|
| 740 |
|
|
|a vLex Libros (Servicio en ln̕ea)
|
| 856 |
|
|
|a Acceso restringido
|u http://www.vlex.com/source/6887
|
| 942 |
|
|
|c BOOK
|
| 999 |
|
0 |
|a Wife abuse
|